Elementary statistics / (Record no. 12371)

000 -LEADER
fixed length control field 00448nam a2200169Ia 4500
020 ## - INTERNATIONAL STANDARD BOOK NUMBER
ISBN 0201184915
040 ## - CATALOGING SOURCE
Transcribing agency AUM
082 ## - DEWEY DECIMAL CLASSIFICATION NUMBER
Classification number 519 ADD 1989 A034 Or.
100 1# - MAIN ENTRY--AUTHOR NAME
Personal name Weiss, N. A.
245 10 - TITLE STATEMENT
Title Elementary statistics /
250 ## - EDITION STATEMENT
Edition statement Reprinted with corrections, June, 1989
260 ## - PUBLICATION, DISTRIBUTION, ETC. (IMPRINT)
Place of publication Reading, Mass. :
Name of publisher Addison-Wesley,
Year of publication 1989
300 ## - PHYSICAL DESCRIPTION
Number of Pages xvi, 567, [77] p. :
Other physical details ill. ;
Dimensions 24 cm
500 ## - GENERAL NOTE
General note Includes index
650 #0 - SUBJECT ADDED ENTRY--TOPICAL TERM
Topical Term Statistics
942 ## - ADDED ENTRY ELEMENTS (KOHA)
Koha item type សៀវភៅភាសាអង់គ្លេស
952 ## - LOCATION AND ITEM INFORMATION (KOHA)
Withdrawn status [LOCAL, KOHA] 0
Holdings
Permanent Location Date acquired Koha item type Lost status Shelving location Barcode Current Location Full call number
Library Block A2017-08-12សៀវភៅភាសាអង់គ្លេស A034A16843Library Block A519 ADD 1989 A034 Or.
មជ្ឈមណ្ឌលឯការនៃសាកលវិទ្យាល័យភូមិន្ទកសិកម្មចំការដូង

Powered by Koha